LEADER 04311nam a22006495i 4500
001 978-3-540-76652-0
003 DE-He213
005 20151204162634.0
007 cr nn 008mamaa
008 100301s2007 gw | s |||| 0|eng d
020 |a 9783540766520  |9 978-3-540-76652-0 
024 7 |a 10.1007/978-3-540-76652-0  |2 doi 
040 |d GrThAP 
050 4 |a QA76.9.U83 
050 4 |a QA76.9.H85 
072 7 |a UYZG  |2 bicssc 
072 7 |a COM070000  |2 bisacsh 
082 0 4 |a 005.437  |2 23 
082 0 4 |a 4.019  |2 23 
245 1 0 |a Ambient Intelligence  |h [electronic resource] :  |b European Conference, AmI 2007, Darmstadt, Germany, November 7-10, 2007. Proceedings /  |c edited by Bernt Schiele, Anind K. Dey, Hans Gellersen, Boris de Ruyter, Manfred Tscheligi, Reiner Wichert, Emile Aarts, Alejandro Buchmann. 
264 1 |a Berlin, Heidelberg :  |b Springer Berlin Heidelberg,  |c 2007. 
300 |a XV, 381 p.  |b online resource. 
336 |a text  |b txt  |2 rdacontent 
337 |a computer  |b c  |2 rdamedia 
338 |a online resource  |b cr  |2 rdacarrier 
347 |a text file  |b PDF  |2 rda 
490 1 |a Lecture Notes in Computer Science,  |x 0302-9743 ;  |v 4794 
505 0 |a Mobility and Sensing -- Mobile Interaction with the Real World: An Evaluation and Comparison of Physical Mobile Interaction Techniques -- Portable Wireless Sensors for Object Usage Sensing in the Home: Challenges and Practicalities -- Role Assignment Via Physical Mobile Interaction Techniques in Mobile Multi-user Applications for Children -- Applications of AmI -- Context-Sensitive Microlearning of Foreign Language Vocabulary on a Mobile Device -- Ambient Intelligence for Decision Making in Fire Service Organizations -- Supporting Independent Living of the Elderly with Mobile-Centric Ambient Intelligence: User Evaluation of Three Scenarios -- Activity and Location Sensing -- A Study on the Suitability of GSM Signatures for Indoor Location -- How Computer Vision Can Help in Outdoor Positioning -- Toward Recognition of Short and Non-repetitive Activities from Wearable Sensors -- AmI and Artifiial Intelligence -- Distributed AI for Ambient Intelligence: Issues and Approaches -- Active Coordination Artifacts in Collaborative Ubiquitous-Computing Environments -- AmI Middleware and Infrastructure -- A Communication Middleware for Smart Room Environments -- Evaluating Confidence in Context for Context-Aware Security -- A Compiler for the Smart Space -- Interaction with the Environment -- Situated Public News and Reminder Displays -- A Web 2.0 Platform to Enable Context-Aware Mobile Mash-Ups -- A Matter of Taste -- Case Studies and Lessons Learned -- User Centered Research in ExperienceLab -- Enhancing the Shopping Experience with Ambient Displays: A Field Study in a Retail Store -- Expected Information Needs of Parents for Pervasive Awareness Systems -- Assemblies of Heterogeneous Technologies at the Neonatal Intensive Care Unit -- Improving Mobile Solution Workflows and Usability Using Near Field Communication Technology. 
650 0 |a Computer science. 
650 0 |a Computer communication systems. 
650 0 |a Operating systems (Computers). 
650 0 |a User interfaces (Computer systems). 
650 0 |a Artificial intelligence. 
650 0 |a Computers and civilization. 
650 1 4 |a Computer Science. 
650 2 4 |a User Interfaces and Human Computer Interaction. 
650 2 4 |a Information Systems Applications (incl. Internet). 
650 2 4 |a Computer Communication Networks. 
650 2 4 |a Operating Systems. 
650 2 4 |a Artificial Intelligence (incl. Robotics). 
650 2 4 |a Computers and Society. 
700 1 |a Schiele, Bernt.  |e editor. 
700 1 |a Dey, Anind K.  |e editor. 
700 1 |a Gellersen, Hans.  |e editor. 
700 1 |a Ruyter, Boris de.  |e editor. 
700 1 |a Tscheligi, Manfred.  |e editor. 
700 1 |a Wichert, Reiner.  |e editor. 
700 1 |a Aarts, Emile.  |e editor. 
700 1 |a Buchmann, Alejandro.  |e editor. 
710 2 |a SpringerLink (Online service) 
773 0 |t Springer eBooks 
776 0 8 |i Printed edition:  |z 9783540766513 
830 0 |a Lecture Notes in Computer Science,  |x 0302-9743 ;  |v 4794 
856 4 0 |u http://dx.doi.org/10.1007/978-3-540-76652-0  |z Full Text via HEAL-Link 
912 |a ZDB-2-SCS 
912 |a ZDB-2-LNC 
950 |a Computer Science (Springer-11645)